[Event "34th Chess Olympiad (women)"]
[Site "Istanbul"]
[Date "2000.11.08"]
[Round "11.12.2"]
[White "Klink, Tamara"]
[Black "Licina, Anita"]
[WhiteElo "2336"]
[BlackElo "2200"]
[WhiteCountry "KAZ"]
[BlackCountry "SLO"]
[Result "1-0"]

1. e4 c5 2. Nf3 Nc6 3. d4 cxd4 4. Nxd4 Nf6 5. Nc3 d6 6. Be2 e5 7. Nb3 Be7 
8. O-O O-O 9. Be3 Be6 10. f4 a5 11. f5 Bd7 12. Bb5 Nb4 13. Bxd7 Qxd7 14. a3 Nc6 
15. g4 a4 16. Nc1 h6 17. h4 Na5 18. g5 Nc4 19. gxf6 Nxe3 20. Qf3 Nxf1 
21. fxe7 Qxe7 22. Qxf1 Qxh4 23. Nd3 d5 24. exd5 Rfe8 25. Re1 Qg5+ 26. Qg2 Qxf5 
27. Ne4 Ra6 28. Rf1 Qc8 29. d6 Re6 30. Nf6+ Kh8 31. d7 Qd8 32. Qxb7 gxf6 
33. Nc5 Reb6 34. Qd5 Kg7 35. Nxa6 Rxa6 36. Rd1 Rb6 37. Rd2 Rxb2 38. Rg2+ Kh8 
39. Qxf7 Rb1+ 40. Kh2 
1-0

[Event "34th Chess Olympiad (women)"]
[Site "Istanbul"]
[Date "2000.11.08"]
[Round "11.12.3"]
[White "Krivec, Jana"]
[Black "Sergeeva, Maria"]
[WhiteElo "2199"]
[BlackElo "2277"]
[WhiteCountry "SLO"]
[BlackCountry "KAZ"]
[Result "0-1"]

1. e4 c5 2. Nf3 d6 3. d4 cxd4 4. Nxd4 Nf6 5. Nc3 a6 6. Bc4 e6 7. Bb3 b5 
8. O-O Be7 9. f4 Bb7 10. e5 dxe5 11. fxe5 Bc5 12. Be3 Nc6 13. exf6 Bxd4 
14. Bxd4 Qxd4+ 15. Qxd4 Nxd4 16. Rad1 Rd8 17. Rde1 gxf6 18. Rxf6 Rg8 
19. Ne4 Rg4 20. Rxe6+ Kf8 21. Rd6 Rxd6 22. Nxd6 Nf3+ 23. Kf2 Nxe1 24. Nxb7 Nxg2 
25. Nc5 a5 26. Nd7+ Ke7 27. Ne5 Rg7 28. a4 bxa4 29. Bxa4 Rg5 30. Nc4 Nh4 
31. Ne3 Rc5 32. c3 Kf8 33. c4 Nf5 34. b3 Nxe3 35. Kxe3 Rh5 36. Kd4 Ke7 
37. c5 Rxh2 38. Kc4 Rc2+ 39. Kb5 Rc1 40. Kb6 h5 41. Bc6 h4 42. Bg2 Rc2 
43. Be4 Rc3 44. Bd5 h3 
0-1

[Event "34th Chess Olympiad (women)"]
[Site "Istanbul"]
[Date "2000.11.08"]
[Round "11.13.1"]
[White "Skripchenko-Lautier, Almira"]
[Black "Hund, Barbara"]
[WhiteElo "2450"]
[BlackElo "2292"]
[WhiteCountry "MDA"]
[BlackCountry "SUI"]
[Result "0-1"]

1. e4 e5 2. Nf3 Nc6 3. Bb5 a6 4. Ba4 Nf6 5. d3 d6 6. c3 Be7 7. O-O O-O 8. h3 b5 
9. Bc2 Re8 10. Re1 Bf8 11. Nbd2 Ne7 12. Nf1 Ng6 13. Ng3 h6 14. a4 Be6 15. d4 c5 
16. d5 Bd7 17. Be3 Qc7 18. Nd2 Reb8 19. Qf3 Nh4 20. Qe2 Qc8 21. Kh2 Ng6 
22. Qf3 Nh4 23. Qd1 Ng6 24. b4 cxb4 25. cxb4 bxa4 26. Bxa4 Rxb4 27. Bxd7 Qxd7 
28. Qc2 Ne7 29. Rec1 Rc8 30. Qd1 Qb5 31. Rxc8 Nxc8 32. Qc2 Nb6 33. Qc7 Nc4 
34. Nxc4 Rxc4 35. Qd8 Qb7 36. Ra3 Nxe4 37. Nf5 Qc7 38. Qh4 Ng5 39. Qh5 Qc8 
40. Nxh6+ gxh6 41. Bxg5 hxg5 42. Qxg5+ Bg7 43. Rg3 Qf8 44. Ra3 f6 45. Qf5 Qc8 
46. Qg6 Rf4 47. f3 Rd4 48. Ra5 Qc1 49. Ra3 Qc8 
0-1

[Event "34th Chess Olympiad (women)"]
[Site "Istanbul"]
[Date "2000.11.08"]
[Round "11.13.2"]
[White "Ramseier, Jana S"]
[Black "Agababean, Naira"]
[WhiteElo "2156"]
[BlackElo "2365"]
[WhiteCountry "SUI"]
[BlackCountry "MDA"]
[Result "1/2-1/2"]

1. d4 d5 2. Nf3 Nf6 3. c4 c6 4. cxd5 cxd5 5. Nc3 Nc6 6. e3 e6 7. Bd3 Bd6 
8. O-O O-O 9. e4 dxe4 10. Nxe4 Nxe4 11. Bxe4 Be7 12. Qc2 Nxd4 13. Nxd4 Qxd4 
14. Be3 Qe5 15. Bxh7+ Kh8 16. Be4 f5 17. Bf3 Bd6 18. g3 f4 19. Bxf4 Rxf4 
20. gxf4 Qxf4 21. Rfd1 Qxh2+ 22. Kf1 Bd7 23. Rxd6 Qxd6 24. Kg2 Bc6 25. Rh1+ Kg8 
26. Qh7+ Kf7 27. Qh5+ Kg8 28. Qh7+ Kf7 29. Qh5+ 
1/2-1/2

[Event "34th Chess Olympiad (women)"]
[Site "Istanbul"]
[Date "2000.11.08"]
[Round "11.13.3"]
[White "Susterman, Anja"]
[Black "Bohrer Moser, Ruth"]
[WhiteElo "2223"]
[BlackElo "2015"]
[WhiteCountry "MDA"]
[BlackCountry "SUI"]
[Result "1-0"]

1. e4 d5 2. exd5 Qxd5 3. d4 Qa5+ 4. Nc3 Bf5 5. Nf3 e6 6. Be2 c6 7. O-O Nf6 
8. Nh4 Bd6 9. Nxf5 Qxf5 10. Bf3 Nbd7 11. Qe2 O-O-O 12. Ne4 Nxe4 13. Bxe4 Qf6 
14. c3 g5 15. a4 Qh6 16. g3 Qg7 17. a5 a6 18. Bxc6 Nb8 19. Bg2 Rd7 20. b4 h5 
21. b5 g4 22. bxa6 Nxa6 23. Rb1 Nb8 24. Qb5 f5 25. Qc4+ Bc7 26. Bxb7+ Kd8 
27. a6 Nxa6 28. Qxa6 Rd6 29. Qe2 h4 30. Bf4 Rd7 31. Bxc7+ Rxc7 32. Ba6 Ke7 
33. Bc4 Qh6 34. Qe5 Rhc8 35. Ba6 hxg3 36. fxg3 Rxc3 37. Bxc8 Rc2 38. Rb7+ Kf8 
39. Qd6+ Kg8 40. Qd8+ 
1-0

[Event "34th Chess Olympiad (women)"]
[Site "Istanbul"]
[Date "2000.11.08"]
[Round "11.14.1"]
[White "Vijayalakshmi, Subbaraman"]
[Black "Voronova, Tatiana"]
[WhiteElo "2378"]
[BlackElo "2278"]
[WhiteCountry "IND"]
[BlackCountry "LAT"]
[Result "1-0"]

1. d4 g6 2. c4 Bg7 3. e4 c5 4. Nf3 Qa5+ 5. Nc3 d6 6. Be2 Bg4 7. Be3 Bxf3 
8. Bxf3 Nc6 9. dxc5 Bxc3+ 10. bxc3 dxc5 11. O-O Rd8 12. Qb3 b6 13. Rad1 Rxd1 
14. Rxd1 Nf6 15. Bh6 Nd7 16. Qc2 Qa6 17. Qd2 Qb7 18. e5 Qc7 19. e6 fxe6 
20. Bg4 Nf8 21. Bf4 Qc8 22. Bh6 Qc7 23. Qe2 Nd8 24. Qc2 Kf7 25. Qd3 Ke8 
26. Qe4 Qc8 27. Rd3 Rg8 28. Bd1 b5 29. cxb5 Nb7 30. b6 Nd6 31. Ba4+ Kf7 
32. Qf3+ Nf5 33. bxa7 Nd7 34. Bxd7 Qa6 35. g4 Qxa2 36. a8=Q Rxa8 37. gxf5 exf5 
38. Bc6 Qa1+ 39. Rd1 
1-0

[Event "34th Chess Olympiad (women)"]
[Site "Istanbul"]
[Date "2000.11.08"]
[Round "11.14.2"]
[White "Ungure, Liga"]
[Black "Meenakshi, S"]
[WhiteElo "2119"]
[BlackElo "2226"]
[WhiteCountry "LAT"]
[BlackCountry "IND"]
[Result "0-1"]

1. e4 e5 2. Nf3 Nc6 3. Bb5 a6 4. Bxc6 dxc6 5. O-O f6 6. d4 Bg4 7. dxe5 Qxd1 
8. Rxd1 fxe5 9. Nbd2 O-O-O 10. Re1 Bd6 11. h3 Bh5 12. Nh4 Bf7 13. Nf5 g6 
14. Nxd6+ cxd6 15. f4 exf4 16. Nf3 Nf6 17. Bxf4 h6 18. Bxd6 Rxd6 19. e5 Re6 
20. Nd4 Nd5 21. Nxe6 Bxe6 22. b3 Kd7 23. Rad1 Ke7 24. c4 Nb6 25. Rd3 Nd7 
26. g4 Rf8 27. Kg2 Nc5 28. Rd4 a5 29. Kg3 Rf7 30. Rb1 Rf8 31. Re1 Nd7 
32. Rf4 Rd8 33. Rd1 Rf8 34. Rxf8 Kxf8 35. Kf4 Ke7 36. Ke4 a4 37. Kd4 axb3 
38. axb3 h5 39. Rg1 hxg4 40. hxg4 b6 41. Rg3 Nc5 42. b4 Nd7 43. c5 bxc5+ 
44. bxc5 Nf8 45. Ra3 Bxg4 46. Ra7+ Bd7 47. Kc4 Ne6 48. Ra1 Nf4 49. Rf1 g5 
50. Rg1 Be6+ 51. Kb4 g4 
0-1

[Event "34th Chess Olympiad (women)"]
[Site "Istanbul"]
[Date "2000.11.08"]
[Round "11.14.3"]
[White "Shah, Pallavi G"]
[Black "Berzina, Ilze"]
[WhiteElo "2137"]
[BlackElo "2194"]
[WhiteCountry "IND"]
[BlackCountry "LAT"]
[Result "0-1"]

1. e4 d5 2. exd5 Nf6 3. d4 Nxd5 4. c4 Nb6 5. Nf3 g6 6. Nc3 Bg7 7. Be3 Bg4 
8. h3 Bxf3 9. Qxf3 Nc6 10. Rd1 O-O 11. c5 Nd7 12. Bb5 Nb4 13. Qxb7 Rb8 
14. Qxa7 Nc2+ 15. Ke2 Nf6 16. Qa4 Nxe3 17. fxe3 Nh5 18. Kd3 Ng3 19. Rhe1 Qc8 
20. Bd7 Qb7 21. Bc6 Qc8 22. Rd2 e5 23. Kc2 exd4 24. exd4 Qf5+ 25. Ne4 Nxe4 
26. Bxe4 Qf4 27. Qa3 Bxd4 28. Kd1 Rfd8 29. Qf3 Qg5 30. Rf1 f6 31. b3 Bxc5 
32. Bd5+ Kg7 33. Qc3 Rxd5 
0-1

[Event "34th Chess Olympiad (women)"]
[Site "Istanbul"]
[Date "2000.11.08"]
[Round "11.15.1"]
[White "Cmilyte, Viktorija"]
[Black "Berezina, Irina"]
[WhiteElo "2335"]
[BlackElo "2304"]
[WhiteCountry "LTU"]
[BlackCountry "AUS"]
[Result "1/2-1/2"]

1. d4 Nf6 2. c4 g6 3. Nc3 Bg7 4. e4 d6 5. f3 O-O 6. Nge2 a6 7. Bg5 c6 8. a4 a5 
9. Nc1 Na6 10. Be2 e5 11. d5 Qc7 12. Qd2 Nh5 13. Nd3 Nb4 14. g4 Nxd3+ 
15. Bxd3 Nf4 16. Ne2 Nxd3+ 17. Qxd3 f6 18. Bd2 f5 19. gxf5 gxf5 20. Rg1 f4 
21. c5 Kh8 22. Rc1 Bf6 23. Bc3 cxd5 24. Qxd5 Ra6 25. Nxf4 dxc5 26. Nh5 Be6 
27. Nxf6 Bxd5 28. Nxd5 Qb8 29. f4 Re8 30. Rg5 h6 31. Bxe5+ Rxe5 32. Rxe5 Qg8 
33. Kf2 Rg6 34. Ne3 Qd8 35. Rcxc5 Qh4+ 36. Kf3 Qh3+ 37. Ke2 Qxh2+ 38. Kd3 Qxf4 
39. Rf5 Rd6+ 40. Nd5 Qg3+ 41. Ke2 Qg4+ 42. Kf2 Qh4+ 43. Kf3 Qh1+ 44. Kf4 Qh2+ 
45. Kf3 Rd8 46. Rc7 Qh3+ 47. Kf4 Qh2+ 48. Kf3 Qh3+ 49. Kf4 
1/2-1/2

[Event "34th Chess Olympiad (women)"]
[Site "Istanbul"]
[Date "2000.11.08"]
[Round "11.15.2"]
[White "Phan-Koshnitsky, Ngan"]
[Black "Varniene, Rita"]
[WhiteElo "2157"]
[BlackElo "2190"]
[WhiteCountry "AUS"]
[BlackCountry "LTU"]
[Result "1/2-1/2"]

1. d4 d5 2. Nf3 c6 3. g3 Bf5 4. Bg2 h6 5. O-O e6 6. Nbd2 Nf6 7. c4 Nbd7 
8. b3 Be7 9. Bb2 O-O 10. Ne5 Bh7 11. Re1 Ne4 12. Nxe4 dxe4 13. Nxd7 Qxd7 
14. e3 Bb4 15. Re2 Rfd8 16. a3 Bf8 17. Rd2 Bg6 18. Qe2 Rac8 19. h4 f5 
20. Bf1 Qf7 21. Qd1 Bh5 22. Be2 Bxe2 23. Qxe2 Bd6 24. Kg2 Bb8 25. Rad1 Rd7 
26. Bc3 Rcd8 27. Rh1 e5 28. Rhd1 exd4 29. Rxd4 Rxd4 30. Rxd4 Rxd4 31. Bxd4 g5 
32. hxg5 hxg5 33. Ba1 Bc7 34. Qb2 Kf8 35. Qh8+ Ke7 36. Be5 Kd7 37. Bxc7 Kxc7 
38. Qe5+ Kc8 39. g4 fxg4 40. Qxe4 Qh5 41. Qe6+ Kc7 42. Qe5+ Kc8 43. c5 Qh3+ 
44. Kg1 Qh4 45. b4 Qh5 46. Qe6+ Kc7 47. Qd6+ Kc8 48. Qf6 a5 49. bxa5 g3 
50. Qe6+ Kb8 51. Qd6+ Ka7 52. fxg3 Qe2 53. Qd4 g4 54. Qf4 Qe1+ 55. Kg2 Qd2+ 
56. Qf2 Qd5+ 57. Kf1 Qd1+ 58. Qe1 Qd3+ 59. Qe2 Qb1+ 60. Kf2 Qf5+ 61. Ke1 Qxc5 
62. Kf2 Qf5+ 63. Kg1 Qe4 64. Qd2 c5 65. Qc3 c4 66. Kf2 Qf3+ 67. Ke1 Qxg3+ 
68. Ke2 Qf3+ 69. Ke1 Qe4 70. Kf2 Qd3 71. Qe5 Qd2+ 72. Kg3 c3 73. Qc5+ Kb8 
74. Qe5+ Kc8 75. Qc5+ Kd7 76. Qb5+ Ke6 77. Qc4+ Kd6 78. Qb4+ Kc7 79. Qb6+ Kc8 
80. Qc5+ Kd7 81. Qb5+ Kc8 82. Qc5+ 
1/2-1/2

[Event "34th Chess Olympiad (women)"]
[Site "Istanbul"]
[Date "2000.11.08"]
[Round "11.15.3"]
[White "Batyte, Daiva"]
[Black "Moylan, Laura"]
[WhiteElo "2164"]
[BlackElo "2076"]
[WhiteCountry "LTU"]
[BlackCountry "AUS"]
[Result "0-1"]

1. e4 c5 2. Nf3 d6 3. d4 cxd4 4. Nxd4 Nf6 5. Nc3 g6 6. Be3 Bg7 7. Be2 Nc6 
8. O-O O-O 9. Kh1 Nxd4 10. Bxd4 Be6 11. f4 Qa5 12. f5 Bd7 13. Bxf6 Bxf6 
14. Nd5 Bg5 15. Bc4 e6 16. fxe6 fxe6 17. Qg4 Rxf1+ 18. Rxf1 Qd8 19. Nf6+ Bxf6 
20. Bxe6+ Bxe6 21. Qxe6+ Kg7 22. Rd1 Be5 23. g3 Qf6 24. Qd5 Qf7 25. b3 Rf8 
26. Qxf7+ Rxf7 27. Kg2 Rc7 28. c4 b5 29. Rc1 bxc4 30. bxc4 Rb7 31. c5 Rc7 
32. c6 Bd4 33. Rc4 Bb6 34. e5 dxe5 35. Kf3 Kf6 36. Ke4 Ke6 37. a4 Kd6 
38. Rb4 Rxc6 39. a5 Bxa5 40. Rb7 Rc7 41. Rb5 Rc4+ 42. Kd3 Rd4+ 43. Ke2 Bb6 
44. Rb1 Rc4 45. h4 Bd4 46. Rf1 Rc2+ 47. Kd1 Rf2 48. Rh1 Kd5 49. h5 g5 
50. h6 Be3 51. g4 Kd4 
0-1

[Event "34th Chess Olympiad (women)"]
[Site "Istanbul"]
[Date "2000.11.08"]
[Round "11.16.1"]
[White "Medic, Mirjana"]
[Black "Eidelson, Rakhil"]
[WhiteElo "2294"]
[BlackElo "2360"]
[WhiteCountry "CRO"]
[BlackCountry "BLR"]
[Result "1/2-1/2"]

1. d4 Nf6 2. Nf3 g6 3. g3 Bg7 4. Bg2 O-O 5. c4 d6 6. O-O c6 7. Nc3 Qb6 
8. h3 Qa6 9. Qd3 d5 10. c5 Qxd3 11. exd3 b6 12. Re1 e6 13. Bf4 Na6 
14. cxb6 axb6 15. a3 Bb7 16. b4 Nd7 17. Ne5 Nxe5 18. Bxe5 Nb8 19. Bxg7 Kxg7 
20. a4 Nd7 21. Ra2 Rfc8 22. Rb1 Nf6 23. Bf1 Ne8 24. Be2 Nd6 25. Bd1 
1/2-1/2

[Event "34th Chess Olympiad (women)"]
[Site "Istanbul"]
[Date "2000.11.08"]
[Round "11.16.2"]
[White "Lagvilava, Genrieta"]
[Black "Jelica, Mara"]
[WhiteElo "2318"]
[BlackElo "2192"]
[WhiteCountry "BLR"]
[BlackCountry "CRO"]
[Result "1-0"]

1. e4 c5 2. Nc3 Nc6 3. g3 g6 4. Bg2 Bg7 5. d3 d6 6. f4 f5 7. Nf3 e6 8. O-O Nge7 
9. Be3 Nd4 10. Bf2 O-O 11. Nxd4 cxd4 12. Ne2 e5 13. c3 dxc3 14. bxc3 Kh8 
15. Rb1 fxe4 16. dxe4 b6 17. Be3 Ba6 18. Rf2 Qc7 19. f5 Rad8 20. g4 d5 
21. Qf1 Bxe2 22. Qxe2 dxe4 23. Bxe4 gxf5 24. gxf5 Ng8 25. c4 Nf6 26. Bg2 Qd6 
27. Rc1 Nd7 28. Rd1 Qe7 29. Rd5 Nf6 30. Rb5 Nd7 31. Rd5 Rc8 32. h4 Bf6 
33. Bg5 Rc5 34. Qd2 Rf7 35. Rxd7 Bxg5 36. Rxe7 Bxd2 37. Re8+ Kg7 38. Rxd2 Rxc4 
39. Rf2 Rxh4 40. Bd5 Rf6 41. Rg2+ Kh6 42. Re6 
1-0

[Event "34th Chess Olympiad (women)"]
[Site "Istanbul"]
[Date "2000.11.08"]
[Round "11.17.1"]
[White "Khegai, Angela"]
[Black "Caoili, Arianne"]
[WhiteElo "2234"]
[BlackElo "2113"]
[WhiteCountry "UZB"]
[BlackCountry "PHI"]
[Result "1-0"]

1. d4 d5 2. Nf3 Nf6 3. c4 c6 4. g3 e6 5. Bg2 Bd6 6. O-O Nbd7 7. Qc2 O-O 
8. Rd1 Ne4 9. Nc3 f5 10. Bf4 Bxf4 11. gxf4 Rf6 12. e3 Rh6 13. c5 Nf8 
14. Qe2 Bd7 15. Qf1 Be8 16. Nxe4 fxe4 17. Ng5 Bh5 18. f3 Rg6 19. fxe4 Bxd1 
20. Rxd1 h6 21. Nf3 Rf6 22. e5 Rf7 23. b4 b6 24. Qd3 a5 25. b5 cxb5 26. Bh3 b4 
27. Rc1 Rc8 28. Rc2 Kh8 29. f5 Qe7 30. e4 dxe4 31. Qxe4 bxc5 32. Kh1 c4 
33. Nh4 c3 34. fxe6 Rf2 35. Rxf2 c2 36. Rxc2 Rxc2 37. Ng6+ Nxg6 38. Qxc2 Nf4 
39. Qc8+ Kh7 40. Bf5+ Ng6 41. Qc2 Kh8 42. Bxg6 Qxe6 43. Bf5 
1-0

[Event "34th Chess Olympiad (women)"]
[Site "Istanbul"]
[Date "2000.11.08"]
[Round "11.17.2"]
[White "Mendoza, Beverly"]
[Black "Khamrakulova, Iroda"]
[WhiteElo "2098"]
[BlackElo "2177"]
[WhiteCountry "PHI"]
[BlackCountry "UZB"]
[Result "1-0"]

1. e4 c5 2. Nc3 Nc6 3. g3 g6 4. Bg2 Bg7 5. d3 d6 6. Be3 e6 7. Qd2 Nd4 
8. Nd1 Nc6 9. Ne2 Nf6 10. Bh6 Bxh6 11. Qxh6 Ng4 12. Qd2 h5 13. h3 Nf6 
14. d4 cxd4 15. Nxd4 Qb6 16. Nxc6 Qxc6 17. O-O e5 18. Nc3 Be6 19. Rfe1 O-O 
20. f4 Nh7 21. Kh1 Qd7 22. f5 gxf5 23. Qh6 fxe4 24. Nxe4 f5 25. Ng5 Nxg5 
26. Qxg5+ Qg7 27. Qxh5 Rac8 28. Rad1 Rfd8 29. Rd2 d5 30. c3 Rd7 31. g4 e4 
32. gxf5 Bf7 33. Qh4 Kf8 34. Re3 Rc4 35. f6 Qg8 36. Rg3 Bg6 37. Qg4 Bf7 
38. Qxd7 Qxg3 39. Qd8+ Be8 40. Qe7+ Kg8 41. Qxe8+ Kh7 42. Rxd5 
1-0

[Event "34th Chess Olympiad (women)"]
[Site "Istanbul"]
[Date "2000.11.08"]
[Round "11.17.3"]
[White "Levushkina, E"]
[Black "Bernardo, Leah"]
[WhiteElo "2103"]
[BlackElo "2000"]
[WhiteCountry "UZB"]
[BlackCountry "PHI"]
[Result "1/2-1/2"]

1. e4 e6 2. d4 d5 3. Nd2 Nf6 4. Bd3 dxe4 5. Nxe4 Nbd7 6. Nf3 Be7 7. O-O b6 
8. Nxf6+ Nxf6 9. Ne5 Qd5 10. Bc4 Qb7 11. Bb5+ Bd7 12. Nxd7 Nxd7 13. Bxd7+ Kxd7 
14. c4 Rad8 15. d5 Kc8 16. Qg4 Kb8 17. dxe6 fxe6 18. Qxe6 Bf6 19. Rb1 Rhe8 
20. Qh3 Qe4 21. Be3 Qxc4 22. Rfc1 Qxa2 23. Bf4 Be5 24. Bxe5 Rxe5 25. Qxh7 Qf7 
26. Rd1 Rde8 27. h3 Re2 28. Qh4 g5 29. Qg3 g4 30. hxg4 Rh8 31. Re1 Rxf2 
32. Qxf2 Rh1+ 33. Kxh1 Qxf2 34. Rec1 Qh4+ 35. Kg1 Qxg4 36. b4 a6 37. Kf2 Qf4+ 
38. Ke2 Kb7 39. Rf1 Qg3 40. Rg1 Kc6 41. Kd2 Kd5 42. Rgd1 Kc4 43. Rdc1+ Kd4 
44. Kc2 Qxg2+ 45. Kb3 Kd5 46. Rxc7 a5 47. bxa5 bxa5 48. Rbc1 a4+ 49. Kxa4 Qa2+ 
50. Kb5 Qb3+ 51. Ka6 Qa4+ 52. Kb7 Qb5+ 53. Ka8 Qe8+ 
1/2-1/2

[Event "34th Chess Olympiad (women)"]
[Site "Istanbul"]
[Date "2000.11.08"]
[Round "11.18.1"]
[White "Klinova, Masha"]
[Black "Agrest, Svetlana"]
[WhiteElo "2350"]
[BlackElo "2210"]
[WhiteCountry "ISR"]
[BlackCountry "SWE"]
[Result "0-1"]

1. e4 c5 2. Nf3 Nc6 3. Bb5 d6 4. Bxc6+ bxc6 5. O-O e5 6. c3 f5 7. exf5 Bxf5 
8. d4 cxd4 9. cxd4 e4 10. Nfd2 d5 11. f3 e3 12. Nb3 Bd6 13. Qe2 Ne7 
14. Bxe3 O-O 15. Bg5 Qc7 16. Bxe7 Bxh2+ 17. Kh1 Rae8 18. g4 Bf4 19. Re1 Rf7 
20. Nc3 Rfxe7 21. Qf1 Qd6 22. Kg2 Qh6 23. Qh1 Rxe1 24. Rxe1 Rxe1 25. Qxe1 Qh2+ 
26. Kf1 Bd3+ 27. Ne2 Be3 
0-1

[Event "34th Chess Olympiad (women)"]
[Site "Istanbul"]
[Date "2000.11.08"]
[Round "11.18.2"]
[White "Buervenich, Silvia"]
[Black "Pitam, Ela"]
[WhiteElo "2201"]
[BlackElo "2323"]
[WhiteCountry "SWE"]
[BlackCountry "ISR"]
[Result "1-0"]

1. e4 e6 2. d4 d5 3. Nd2 c5 4. exd5 exd5 5. Ngf3 Nc6 6. Bb5 Bd6 7. dxc5 Bxc5 
8. O-O Nge7 9. Nb3 Bd6 10. Bg5 O-O 11. Bh4 Bg4 12. Bg3 Bxg3 13. hxg3 Nf5 
14. Qd3 Nh6 15. Nbd4 Qf6 16. c3 Bh5 17. Qd2 Bg6 18. Qf4 Nf5 19. Rad1 Nce7 
20. Nxf5 Bxf5 21. g4 Be6 22. Qxf6 gxf6 23. g5 Kg7 24. Rfe1 Ng6 25. Rd4 Rh8 
26. g3 h6 27. gxf6+ Kxf6 28. Nh4 Rag8 29. a3 Nxh4 30. Rxh4 Rg5 31. Bf1 h5 
32. Bh3 Rd8 33. Rf4+ Ke7 34. Kg2 Rd6 35. Rb4 Kf6 36. Bxe6 fxe6 37. Rxb7 a6 
38. f4 Rg4 39. Rh7 d4 40. cxd4 Rxd4 41. Rxh5 Rd3 42. Rh6+ Kf7 43. Rexe6 Rgxg3+ 
44. Kf2 Rdf3+ 45. Ke2 Rb3 46. Rb6 Rbe3+ 47. Kd2 Ref3 48. Rh7+ Kg8 49. Rd7 Rg2+ 
50. Kc1 Rf1+ 51. Rd1 Rxf4 52. Rxa6 Rc4+ 53. Kb1 Rc8 54. Rb6 Rf2 55. Rb7 Re8 
56. Ka2 Rg2 57. Rd4 
1-0

[Event "34th Chess Olympiad (women)"]
[Site "Istanbul"]
[Date "2000.11.08"]
[Round "11.18.3"]
[White "Borsuk, Angela"]
[Black "Andersson, Christin"]
[WhiteElo "2303"]
[BlackElo "2096"]
[WhiteCountry "ISR"]
[BlackCountry "SWE"]
[Result "1/2-1/2"]

1. d4 d5 2. c4 e6 3. Nf3 Nf6 4. Bg5 Be7 5. Nc3 O-O 6. Bxf6 Bxf6 7. cxd5 exd5 
8. b4 c6 9. e3 Bg4 10. Be2 Qb6 11. a3 a5 12. b5 Nd7 13. O-O Qd8 14. bxc6 bxc6 
15. Rc1 Be7 16. a4 Ba3 17. Rb1 Bb4 18. Na2 Qe7 19. Nxb4 axb4 20. Qb3 Rfb8 
21. Rfc1 Bf5 22. Rb2 Qd6 23. Nh4 Be6 24. Qc2 Nb6 25. Bd3 g6 26. Ra1 Nc4 
27. Rb3 Na3 28. Qd1 Rxa4 29. f4 Raa8 30. f5 Bd7 31. Qe1 Qe7 32. fxg6 hxg6 
33. Nf3 Ra7 34. Ne5 Rab7 35. Rc1 Qd6 36. h4 Re8 37. Qg3 Nc4 38. Bxc4 dxc4 
39. Rxc4 Be6 40. Rxc6 Qxc6 41. Nxc6 Bxb3 42. Qd6 Rxe3 43. Nxb4 Re1+ 44. Kh2 Re4 
45. Qd8+ Kg7 46. Nd3 Ba4 47. Nc5 Re8 48. Qxe8 Bxe8 49. Nxb7 Kf6 50. g4 Ke6 
51. Kg3 f6 52. Kf4 Kd5 53. Ke3 g5 54. hxg5 fxg5 55. Nc5 Bf7 56. Ne4 Be6 
57. Nf6+ Kd6 58. Ke4 Bc8 59. d5 Ba6 60. Kf5 Bc8+ 61. Kxg5 Ke5 62. Ng8 Bxg4 
63. Kxg4 Kxd5 
1/2-1/2

[Event "34th Chess Olympiad (women)"]
[Site "Istanbul"]
[Date "2000.11.08"]
[Round "11.19.1"]
[White "Koskoska, Gabriela"]
[Black "Babaeva, Fanara"]
[WhiteElo "2219"]
[BlackElo "2257"]
[WhiteCountry "FRM"]
[BlackCountry "AZE"]
[Result "1/2-1/2"]

1. e4 c5 2. Nc3 Nc6 3. f4 g6 4. Nf3 Bg7 5. Bb5 e6 6. O-O Nge7 7. d3 O-O 
8. Qe1 d5 9. Kh1 Nd4 10. Nxd4 cxd4 11. Ne2 a6 12. Ba4 dxe4 13. dxe4 b5 
14. Bb3 Kh8 15. Bd2 a5 16. a4 b4 17. Bc4 Ba6 18. Bd3 Bxd3 19. cxd3 Rc8 
20. Rc1 Qd7 21. Qh4 Kg8 22. b3 Rxc1 23. Rxc1 Rc8 24. Qe1 Rxc1 25. Qxc1 
1/2-1/2

[Event "34th Chess Olympiad (women)"]
[Site "Istanbul"]
[Date "2000.11.08"]
[Round "11.19.3"]
[White "Janevska, Aleksandra"]
[Black "Mammadyarova, Zaynab"]
[WhiteElo "2020"]
[BlackElo "2173"]
[WhiteCountry "FRM"]
[BlackCountry "AZE"]
[Result "0-1"]

1. d4 Nf6 2. c4 g6 3. Nc3 Bg7 4. e4 d6 5. Be2 O-O 6. Nf3 e5 7. d5 a5 8. Nd2 Na6 
9. h4 h5 10. Nf3 Ng4 11. Bg5 f6 12. Bd2 Nc5 13. Qc2 f5 14. Ng5 Nh6 15. Be3 Nxe4 
16. Ngxe4 fxe4 17. Nxe4 Nf5 18. Bg5 Qe8 19. Bd3 Nd4 20. Qd2 Bg4 21. O-O b6 
22. f4 exf4 23. Rae1 Qd7 24. Rxf4 Bf5 25. Rff1 Be5 26. Nf2 Rae8 27. Bxf5 Nxf5 
28. Ne4 a4 29. Bf4 Bd4+ 30. Kh2 Qg7 31. b3 Nxh4 32. Bh6 Qe5+ 33. Bf4 Qh8 
34. Ng5 Bc3 35. Qf2 Bxe1 36. Rxe1 Rxe1 37. Ne6 Rxe6 38. dxe6 Qf6 39. e7 Qxe7 
0-1

[Event "34th Chess Olympiad (women)"]
[Site "Istanbul"]
[Date "2000.11.08"]
[Round "11.20.1"]
[White "Fierro, Martha"]
[Black "Hernandez, Yadira"]
[WhiteElo "2338"]
[BlackElo "2207"]
[WhiteCountry "ECU"]
[BlackCountry "MEX"]
[Result "1/2-1/2"]

1. d4 c5 2. c3 Nf6 3. Nf3 e6 4. Bf4 Qb6 5. Qb3 Nc6 6. e3 Be7 7. Nbd2 Qxb3 
8. axb3 Nh5 9. Bg5 f6 10. g4 fxg5 11. gxh5 g4 12. Ne5 cxd4 13. cxd4 Nxe5 
14. dxe5 O-O 15. Be2 Bb4 16. Rg1 b6 17. Rxg4 Bxd2+ 18. Kxd2 Rxf2 19. Rag1 Ba6 
20. Rxg7+ Kh8 21. R7g2 Rxg2 22. Rxg2 Bxe2 23. Kxe2 Rc8 24. Kd3 Rc5 25. Ke4 Rb5 
26. Rd2 Rxb3 27. Rxd7 a5 28. h6 Kg8 29. Rg7+ Kh8 30. Re7 Rb4+ 31. Kf3 Kg8 
32. Rg7+ Kh8 33. Re7 Kg8 34. Rg7+ 
1/2-1/2

[Event "34th Chess Olympiad (women)"]
[Site "Istanbul"]
[Date "2000.11.08"]
[Round "11.20.2"]
[White "Guerrero, Alejandra"]
[Black "Moncayo, Evelyn"]
[WhiteElo "2171"]
[BlackElo "2135"]
[WhiteCountry "MEX"]
[BlackCountry "ECU"]
[Result "1/2-1/2"]

1. e4 c5 2. c3 d5 3. exd5 Qxd5 4. d4 Nf6 5. Nf3 Bg4 6. Be2 e6 7. O-O Nc6 
8. h3 Bh5 9. Be3 cxd4 10. cxd4 Be7 11. Nc3 Qd6 12. Qb3 O-O 13. Rfd1 Rfd8 
14. Rac1 a6 15. Na4 Rab8 16. d5 exd5 17. Nb6 Na5 18. Qa4 Qb4 19. Qxb4 Bxb4 
20. Bg5 Be7 21. g4 Bg6 22. Ne5 Rd6 23. Nxg6 hxg6 24. Bf4 Rxb6 25. Bxb8 Nc6 
26. Bf4 Rxb2 27. Rd2 Rb4 28. Bg3 Ra4 29. Bd1 Ra5 30. Rb1 Ne4 31. Rc2 Nxg3 
32. fxg3 Bc5+ 33. Kg2 b6 34. Re2 Nd4 35. Re8+ Kh7 36. Rb2 Ne6 37. Bb3 Nd4 
38. Bd1 Ra3 39. Rd8 Rd3 40. Be2 Nxe2 41. Rxe2 Be3 42. h4 g5 
1/2-1/2

[Event "34th Chess Olympiad (women)"]
[Site "Istanbul"]
[Date "2000.11.08"]
[Round "11.20.3"]
[White "Vasquez, Rocio"]
[Black "Garcia, Edith"]
[WhiteElo "2235"]
[BlackElo "2052"]
[WhiteCountry "ECU"]
[BlackCountry "MEX"]
[Result "1-0"]

1. e4 c5 2. Nf3 e6 3. d4 cxd4 4. Nxd4 a6 5. c4 Nf6 6. Nc3 Qc7 7. Nc2 d6 
8. Be3 Nbd7 9. Bd3 b6 10. Qe2 Bb7 11. f3 Be7 12. O-O-O Nc5 13. g4 Rc8 
14. Bxc5 Qxc5 15. f4 Nd7 16. h4 Bf6 17. Qd2 O-O 18. g5 Be7 19. Rh3 Rfd8 
20. h5 a5 21. Kb1 Ba6 22. Ne3 Qb4 23. Qc2 Bf8 24. e5 Be7 25. Ncd5 exd5 
26. Nxd5 Qc5 27. Nxe7+ Kf8 28. Nxc8 Rxc8 29. exd6 Rc6 30. h6 g6 31. Qc3 Rxd6 
32. Re1 Re6 33. Rxe6 fxe6 34. Bxg6 Ke7 35. Qg7+ Kd8 36. Rd3 Qc6 37. Be4 Qc8 
38. Qf8+ Kc7 39. Qd6+ Kd8 40. Bc6 
1-0

[Event "34th Chess Olympiad (women)"]
[Site "Istanbul"]
[Date "2000.11.08"]
[Round "11.21.1"]
[White "Leite, Catarina"]
[Black "Nepeina-Leconte, Maria"]
[WhiteElo "2089"]
[BlackElo "2289"]
[WhiteCountry "POR"]
[BlackCountry "FRA"]
[Result "1-0"]

1. e4 e6 2. d3 d5 3. Nd2 c5 4. Ngf3 Nc6 5. g3 g6 6. Bg2 Bg7 7. O-O Nge7 
8. Re1 h6 9. exd5 exd5 10. Nb3 b6 11. d4 c4 12. Nbd2 O-O 13. Nf1 Be6 14. Ne3 b5 
15. c3 Rb8 16. h4 b4 17. h5 g5 18. Nh2 Qd7 19. Neg4 f5 20. Ne5 Bxe5 
21. dxe5 bxc3 22. bxc3 d4 23. cxd4 Nxd4 24. Ba3 Rfd8 25. Bd6 Nec6 26. Bxc6 Nxc6 
27. Bxb8 Nxb8 28. Qxd7 Nxd7 29. Rad1 Rc8 30. Nf3 c3 31. Nd4 Kf7 32. Rc1 Rc5 
33. f4 gxf4 34. gxf4 Nb6 35. Re3 Nd5 36. Rf3 Rc4 37. Ne2 c2 38. a3 Bd7 
39. Rd3 Bc6 40. Rd4 Rc5 41. Kf2 Bb5 42. Rxd5 Rxd5 43. Nc3 Rc5 44. Nxb5 Rxb5 
45. Rxc2 Rb3 46. Rc6 Rxa3 47. Rxh6 Rh3 48. Rf6+ Ke7 49. Rxf5 a5 50. Kg2 Rh4 
51. Kg3 Rh1 52. Kg4 Rg1+ 53. Kh4 Rg8 54. Rg5 Rxg5 55. Kxg5 a4 56. h6 a3 
57. h7 a2 58. h8=Q a1=Q 59. Qf6+ Ke8 60. Qc6+ Ke7 61. Qd6+ Ke8 62. Kf6 Qa7 
63. Qe6+ 
1-0